000 00858nam a2200253Ia 4500
003 OSt
005 20220923224327.0
006 a|||||r|||| 00| 0
007 ta
008 220922b |||||||| |||| 00| 0 hin d
024 _a231,192
037 _cTextual
040 _aARTS
_cARTS
_bhin
041 _2hin
_ahin
082 _a4:(W:17), 152P2
100 _aचतुर्वेदी, जगदीश्वर
245 0 _aमाध्यम साम्राज्यवाद
246 _aMādhyam sāmrājyavāda
260 _aनई दिल्ली
_b अनामिका प्रकाशन
_c2002
300 _a264पृ.
_ccm.
650 _aहिन्दी पत्रकारिता
942 _h4:(W:17), 152P2
_cTEXL
_2CC
999 _c370681
_d370681